Visualizzazione normale
Vista MARC
- Ceriotti Migliarese Mariolina
di Personal Name
Records bibliografici associati: 12
001 - CONTROL NUMBER
- control field: 56614
003 - CONTROL NUMBER IDENTIFIER
- control field: IT-RoPau
005 - DATE AND TIME OF LATEST TRANSACTION
- control field: 20171016173047.0
008 - FIXED-LENGTH DATA ELEMENTS
- fixed length control field: 171016|| aca||aabn | a|a d
040 ## - CATALOGING SOURCE
- Original cataloging agency: IT-RoPau
- Transcribing agency: IT-RoPau
100 ## - HEADING--PERSONAL NAME
- Personal name: Ceriotti Migliarese Mariolina
670 ## - SOURCE DATA FOUND
- Source citation: Work cat.: (IT-RoPau): Ceriotti Migliarese Mariolina, L'autorità di papà e mamma, 2015